Estadísticas para Los 5 Países con el Mayor Número de Cristianos por Continente

Haz click aquí para intentar la prueba.

Estadísticas generales

  • Esta prueba ha sido intentada 4.199 veces
  • La puntuación promedio es 26 de 30

Estadísticas de respuestas

Continente#País% Correcto
América del Norte230 mEstados Unidos
98%
América del Sur181 mBrasil
97%
América del Norte108 mMéxico
97%
América del Sur38 mArgentina
96%
Oceanía14 mAustralia
96%
América del Norte22 mCanadá
95%
América del Sur44 mColombia
95%
Europa38 mFrancia
95%
Europa53 mItalia
95%
Europa50 mAlemania
94%
Oceanía1.9 mNueva Zelanda
93%
América del Sur28 mPerú
93%
Europa64 mRusia
93%
Asia19 mRusia
93%
América del Sur28 mVenezuela
93%
Asia49 mChina
91%
África43 mSudáfrica
90%
Asia30 mIndia
84%
Europa36 mPolonia
84%
América del Norte14 mGuatemala
81%
África73 mNigeria
78%
Oceanía6.8 mPapua Nueva Guinea
78%
África63 mRep Dem del Congo
78%
Asia24 mIndonesia
73%
América del Norte9.7 mRepública Dominicana
73%
Asia87 mFilipinas
72%
Oceanía0.54 mFiyi
72%
África53 mEtiopía
66%
Oceanía0.59 mIslas Salomón
65%
África35 mKenia
61%

Distribución de puntuación

Porcentaje por número respondido

Porcentaje de gente con cada puntuación

Historial de tus puntuaciones

No has intentado esta prueba.